000 00289nam a22001337a 4500
008 170302b xxu||||| |||| 00| 0 eng d
020 _a0683079662
041 _aeng
080 _a616.073
100 _a6
101 _aSHM
245 _aRADIOLOGY & ONCOLOGY
_cBAXTER, C.S
942 _2udc
_cBK
999 _c6600
_d6600